| 000 | 01348cam a2200301 a 4500 | ||
|---|---|---|---|
| 003 | CO-CtgCURN | ||
| 005 | 20250331183918.0 | ||
| 007 | ta | ||
| 008 | 161125s2006 ck a gr 000 0 spa | ||
| 020 | _a8431533641 | ||
| 040 |
_aCO-CtgCURN _bspa _ccoctgcurn |
||
| 082 | 0 | 4 |
_a159.922 _bV168 _223 |
| 100 | 1 | _aValet, Gilles-Marie. | |
| 245 | 1 | 0 |
_aNo me gusta la escuela : _bentenderlo, ayudarlo / _cGilles-Marie Vallet, Anne Lanchon. |
| 250 | _a1a. ed. | ||
| 260 |
_aBarcelona : _bDe Vecchi, _c2006. |
||
| 300 |
_a140 p. : _bil. col. ; _c25 cm. |
||
| 336 | _2rdacontent | ||
| 337 |
_2rdamedia _asin mediacion _bn |
||
| 338 |
_2rdacarrier _avolumen _bnc |
||
| 490 | 1 | _aAsi es la vida | |
| 520 | 8 | _aActualmente el éxito escolar constituye una preoacupación constante para los padres. Pero no sólo cuentan las notas: la escuela tambien es un lugar en el que los niños aprenden a vivir con los demás, a desarrollar su autoestima . Su hijo va a regañadientes ? Si es así, su escolaridad y su realización personal peligran . Urgente antender las razones de su rechazo y encontrar soluciones para reconciliarse con la escuela. | |
| 650 | 1 | 4 |
_aNiños _vPsicología. |
| 650 | 1 | 4 |
_aNiños _vActitudes. |
| 700 | 1 | _aLanchon, Anne. | |
| 852 | _935000 | ||
| 942 |
_cBK _h159.922 _iV168 _2ddc |
||
| 999 |
_c17312 _d17312 |
||